The hardrock miners; a history of the mining labor movement in the American West, 1863-1893 (Record no. 45371)

MARC details
000 -LEADER
fixed length control field 00826nam a2200205 a 4500
001 - CONTROL NUMBER
control field 2669941
008 - FIXED-LENGTH DATA ELEMENTS--GENERAL INFORMATION
fixed length control field 161101s1974 ||||||||||||||||| || u
010 ## - LIBRARY OF CONGRESS CONTROL NUMBER
LC control number 73078547
020 ## - INTERNATIONAL STANDARD BOOK NUMBER
International Standard Book Number 0520024680
050 ## - LIBRARY OF CONGRESS CALL NUMBER
Classification number HD6515.M72 W44
100 ## - MAIN ENTRY--PERSONAL NAME
Personal name Lingenfelter, Richard E
245 14 - TITLE STATEMENT
Title The hardrock miners; a history of the mining labor movement in the American West, 1863-1893
Statement of responsibility, etc. [by] Richard E. Lingenfelter.
260 ## - PUBLICATION, DISTRIBUTION, ETC.
Place of publication, distribution, etc. Berkeley,
Name of publisher, distributor, etc. University of California Press
Date of publication, distribution, etc. 1974
300 ## - PHYSICAL DESCRIPTION
Extent viii, 278 p. illus. 24 cm.
350 ## - PRICE (NR) (BK AM CF MU VM SE) [OBSOLETE]
Price 12.50
500 ## - GENERAL NOTE
General note Bibliography: p. [253]-262.
650 #0 - SUBJECT ADDED ENTRY--TOPICAL TERM
Topical term or geographic name entry element Miners - Labor unions - West (U.S.) - History
650 #0 - SUBJECT ADDED ENTRY--TOPICAL TERM
Topical term or geographic name entry element Miners - West (U.S.) - History
995 ## - RECOMMENDATION 995 [LOCAL, UNIMARC FRANCE]
-- CBU-MAIN LIBRARY (Kitwe)
-- 12.50
-- AVAILABLE
-- Nov 1, 2016
-- Main Library Open Access Collection
Holdings
Withdrawn status Lost status Source of classification or shelving scheme Damaged status Not for loan Home library Current library Shelving location Date acquired Total Checkouts Full call number Barcode Date last seen Price effective from Koha item type
          CBU-MAIN LIBRARY, KITWE. CBU-MAIN LIBRARY, KITWE.   11/30/2022   HD6515.M72 W44 B2748 11/30/2022 11/30/2022 MONOGRAPH